[Event "Nice op"]
[Site "Nice"]
[Date "2009.08.??"]
[Round "8"]
[White "Pobedonostzef, Franck"]
[Black "Gerandi, Guillaume"]
[Result "0-1"]
[WhiteElo "1907"]
[BlackElo "1759"]
[PlyCount "80"]
[EventDate "2009.08.??"]
[EventType "swiss"]
[EventRounds "9"]
[EventCountry "FRA"]
[SourceTitle "EXT 2010"]
[Source "ChessBase"]
[SourceDate "2010.11.25"]
[SourceVersion "1"]
[SourceVersionDate "2010.11.25"]
[SourceQuality "1"]

1. d4 Nf6 2. c4 g6 3. Nc3 Bg7 4. e4 d6 5. Nf3 0-0 6. h3 e5 7. d5 a5 8. Bg5 Qe8 9. Be2 Na6 10. Nd2 h6 11. Be3 Nh7 12. g4 f5 13. exf5 gxf5 14. gxf5 Bxf5 15. Nde4 Nf6 16. Bd3 Nh5 17. Qd2 Nf4 18. 0-0-0 Nxd3+ 19. Qxd3 Nb4 20. Qb1 Qg6 21. Rdg1 Qh7 22. a3 Na2+ 23. Qxa2 Bxe4 24. Nxe4 Qxe4 25. Rh2 Kh8 26. Rhg2 Rf7 27. Rg4 Qd3 28. Qb1 Qxb1+ 29. Kxb1 Raf8 30. a4 Kh7 31. Kc2 c6 32. dxc6 bxc6 33. Rg6 d5 34. Bc5 Rc8 35. Kd1 Rb8 36. Bd6 Rb3 37. R1g3 dxc4 38. Rxb3 cxb3 39. Rg3 Rd7 40. Rd3 Bf8 0-1

[Event "Pierrevert op 5th"]
[Site "Pierrevert"]
[Date "2007.04.20"]
[Round "9"]
[White "Pobedonostzef, Franck"]
[Black "Freulon, Philippe"]
[Result "1-0"]
[WhiteElo "1908"]
[BlackElo "1590"]
[PlyCount "97"]
[EventDate "2007.04.15"]
[EventType "swiss"]
[EventRounds "9"]
[EventCountry "FRA"]
[SourceTitle "CBM 118 Extra"]
[Source "ChessBase"]
[SourceDate "2007.07.04"]
[SourceVersion "1"]
[SourceVersionDate "2007.07.04"]
[SourceQuality "1"]

1. Nf3 Nf6 2. b4 a5 3. b5 c6 4. e3 g6 5. Bb2 Bg7 6. d4 0-0 7. c4 d5 8. c5 Ne4 9. Nc3 Nxc3 10. Bxc3 b6 11. cxb6 Qxb6 12. Rb1 cxb5 13. Rxb5 Qc7 14. Rc5 Qd8 15. Qb3 e6 16. a4 Na6 17. Rxa5 Rb8 18. Rb5 Bd7 19. Rxb8 Qxb8 20. Bb5 Nc7 21. Bb4 Nxb5 22. Bxf8 Bxf8 23. 0-0 Qe8 24. axb5 Bxb5 25. Rb1 Ba4 26. Qb8 Qxb8 27. Rxb8 Kg7 28. Ra8 Bc6 29. Ra7 Be8 30. Ng5 Kg8 31. Ra8 Bc6 32. Rc8 Bb5 33. Nxh7 Kxh7 34. Rxf8 Kg7 35. Rb8 Bd3 36. f3 g5 37. Kf2 Bg6 38. Rb5 Kf6 39. g4 Bd3 40. Ra5 Bh7 41. Kg3 Kg7 42. f4 Kf6 43. h4 gxh4+ 44. Kxh4 Bg6 45. f5 Bh7 46. fxe6 fxe6 47. Kh5 Bg6+ 48. Kh6 Kf7 49. Ra1 1-0

[Event "FRA-chT3"]
[Site "France"]
[Date "2001.??.??"]
[Round "7"]
[White "Lebel Arias, Julia"]
[Black "Pobedonostzef, Franck"]
[Result "1-0"]
[WhiteElo "2070"]
[BlackElo "1770"]
[PlyCount "29"]
[EventDate "2001.??.??"]
[EventType "team"]
[EventRounds "9"]
[EventCountry "FRA"]
[SourceTitle "EXT 2003"]
[Source "ChessBase"]
[SourceDate "2002.11.25"]
[SourceVersion "1"]
[SourceVersionDate "2002.11.25"]
[SourceQuality "1"]

1. d4 d5 2. Nf3 Nf6 3. Bf4 c6 4. c3 Bf5 5. Nbd2 g6 6. h3 Bg7 7. e3 0-0 8. Be2 Qb6 9. Qb3 Ne4 10. g4 Nxd2 11. Nxd2 Be6 12. Bg3 Nd7 13. f4 f5 14. g5 c5 15. h4 1-0